| 000 | 01756nam a2200361 i 4500 | ||
|---|---|---|---|
| 001 | 162607 | ||
| 003 | ES-MaACL | ||
| 005 | 20251002204745.0 | ||
| 008 | 950418s1895 sp |||| | spa d | ||
| 245 | 0 | 3 |
_aEl problema colonial contemporáneo / _cpor los señores D. Rafael M. de Labra, D. Eliseo Giberga, D. Tiburcio Castañeda, D. Eduardo Dolz, D. Rafael Montoro, D. Emilio Terry y D. José A. del Cueto ; con un resumen del Excmo. Sr. D. Segismundo Moret. |
| 260 |
_aMadrid : _bLibrerías de Victoriano Suárez, Fernando Fe, _c[1895?] ( _fEst. Tip. de Agustín Avrial) |
||
| 300 |
_aVIII, 407 p. ; _c23 cm. |
||
| 530 | _aDisponible en formato digital. | ||
| 594 | _aRecoge una serie de "conferencias pronunciadas por los diputados cubanos en el Ateneo de Madrid" (p. V) | ||
| 610 | 2 | 4 |
_aAteneo de Madrid- _vConferencias- _yS.XIX. _91910 |
| 651 | 4 |
_aCuba- _xAdministración. _9148085 |
|
| 651 | 4 |
_aPuerto Rico- _xAdministración. _9157188 |
|
| 651 | 4 |
_aCuba- _xHistoria- _y1878-1895. _98095 |
|
| 651 | 4 |
_aCuba- _zSituación económica- _yS.XIX. _9167680 |
|
| 651 | 4 |
_aPuerto Rico- _xSituación económica. _99291 |
|
| 651 | 4 |
_aCuba- _xRelaciones- _zEspaña. _9162519 |
|
| 700 | 1 |
_aLabra, Rafael M. de, _d1840-1918 _969273 |
|
| 700 | 1 |
_aGiberga, Eliseo. _956639 |
|
| 700 | 1 |
_aCastañeda, Tiburcio. _936410 |
|
| 700 | 1 |
_aDolz, Eduardo. _9172974 |
|
| 700 | 1 |
_aMontoro, Rafael, _d1852-1933 _982692 |
|
| 700 | 1 |
_aTerry y Dorticós, José Emilio, _d1853-1911 _9172975 |
|
| 700 | 1 |
_aCueto, José Antolín del. _942075 |
|
| 700 | 1 |
_aMoret, Segismundo, _d1833-1913 _9162747 |
|
| 852 |
_aES-MaACL _jB-1929 _z- Enc. hol. |
||
| 856 |
_uhttp://bdh-rd.bne.es/viewer.vm?id=0000044710&page=1 _zBiblioteca Digital Hispánica |
||
| 999 |
_c162607 _d162607 |
||